Countries Visiting Luxembourg the Most - Statistics

General Stats
  • This quiz has been taken 536 times
  • The average score is 9 of 10
Answer Stats
Visitors Country % Correct
139,375 France
100%
151,691 Germany
100%
209,832 Belgium
98%
177,981 Netherlands
98%
69,350 United Kingdom
96%
28,852 Italy
94%
19,075 Spain
93%
23,435 Switzerland[
89%
35,697 China
70%
16,237 Turkey
33%
No matching quizzes found
Score Distribution
Percent of People with Each Score
Percentile by Number Answered
Your Score History
You have not taken this quiz